Southville International School and Colleges
Your cart is empty.
  • Cart
  • Lists
    Public lists Eva Luna New books Lux_list list_1
    Your lists Log in to create your own lists
  • Log in to your account
  • Your cookies
  • Search history
Southville International School and Colleges
  • Advanced search
  • Recent comments
  • Most popular
  • Libraries

Log in to your account

Log in with GOOGLE


If you do not have an external account, but do have a local account, you can still log in:

  1. Home
  2. MARC view: The complete book of knots /
Normal view MARC view ISBD view

The complete book of knots / (Record no. 9880)

[ view plain ]
MARC details
000 -LEADER
fixed length control field 00834pam a2200265 a 4500
001 - CONTROL NUMBER
control field 708259
003 - CONTROL NUMBER IDENTIFIER
control field OSt
005 - DATE AND TIME OF LATEST TRANSACTION
control field 20140310182143.0
008 - FIXED-LENGTH DATA ELEMENTS--GENERAL INFORMATION
fixed length control field 970409s1997 nyua b 001 0 eng
010 ## - LIBRARY OF CONGRESS CONTROL NUMBER
LC control number 97016468
020 ## - INTERNATIONAL STANDARD BOOK NUMBER
International Standard Book Number 0753702908
040 ## - CATALOGING SOURCE
Original cataloging agency DLC
Transcribing agency DLC
Modifying agency DLC
050 00 - LIBRARY OF CONGRESS CALL NUMBER
Classification number VM 533
Item number .B827 1997
082 00 - DEWEY DECIMAL CLASSIFICATION NUMBER
Classification number HS 623.88
Item number B85 1997
100 1# - MAIN ENTRY--PERSONAL NAME
Personal name Budworth, Geoffrey.
9 (RLIN) 1572
245 14 - TITLE STATEMENT
Title The complete book of knots /
Statement of responsibility, etc Geoffrey Budworth.
246 30 - VARYING FORM OF TITLE
Title proper/short title Knots
260 ## - PUBLICATION, DISTRIBUTION, ETC. (IMPRINT)
Place of publication, distribution, etc New York, N.Y. :
Name of publisher, distributor, etc Lyons & Burford,
Date of publication, distribution, etc c1997.
300 ## - PHYSICAL DESCRIPTION
Extent 160 p. :
Other physical details ill. (some col.) ;
Dimensions 27 cm.
650 #0 - SUBJECT ADDED ENTRY--TOPICAL TERM
Topical term or geographic name as entry element Knots and splices.
9 (RLIN) 15398
906 ## - LOCAL DATA ELEMENT F, LDF (RLIN)
a 7
b cbc
c orignew
d 1
e ocip
f 19
g y-gencatlg
942 ## - ADDED ENTRY ELEMENTS (KOHA)
Source of classification or shelving scheme Library of Congress Classification
Koha item type
Holdings
Withdrawn status Lost status Source of classification or shelving scheme Damaged status Home library Current library Shelving location Date acquired Total Checkouts Full call number Barcode Date last seen Copy number Price effective from Koha item type
    Library of Congress Classification   Luxembourg Library Luxembourg Library High School Section 08/29/2013   VM 533 .B827 1997 8029 08/29/2013 1 08/29/2013 Books

The complete book of knots /

APA

Budworth G., . (1997). The complete book of knots. New York, N.Y: Lyons & Burford.

Chicago

Budworth Geoffrey, . 1997. The complete book of knots. New York, N.Y: Lyons & Burford.

Harvard

Budworth G., . (1997). The complete book of knots. New York, N.Y: Lyons & Burford.

MLA

Budworth Geoffrey, . The complete book of knots. New York, N.Y: Lyons & Burford. 1997.

  • Place hold
  • Print
  • Cite
  • Add to your cart (remove)
  • Save record
    BIBTEX Dublin Core MARCXML MARC (non-Unicode/MARC-8) MARC (Unicode/UTF-8) MARC (Unicode/UTF-8, Standard) MODS (XML) RIS
  • More searches
    Search for this title in:
    Other Libraries (WorldCat) Other Databases (Google Scholar) Online Stores (Bookfinder.com) Open Library (openlibrary.org)

Exporting to Dublin Core...

SOUTHVILLE LIBRARY

Southville International School and Colleges Library

1281 Tropical Ave. Cor. Luxembourg St., BF Homes International, Las Pinas City

Tel. No. 8256374 / 252358 Loc. 117/146

Powered by Koha